[Event "I Festival dell'Etna A"]
[Site "Nicolosi ITA"]
[Date "2014.12.05"]
[Round "1"]
[White "Battaglia, Fabio"]
[Black "Pisacane, Pietro"]
[WhiteElo "1703"]
[BlackElo "2110"]
[Result "0-1"]
[PlyCount "122"]
[EventDate "2014.12.05"]

1. c4 Nf6 2. Nf3 g6 3. Nc3 Bg7 4. d3 O-O 5. e4 d6 6. Be2 c5 7. O-O Nc6 8. Nd5
e6 9. Nc3 Ne8 10. a3 Rb8 11. Rb1 a5 12. Bf4 Nc7 13. Qd2 Re8 14. Bd1 b5 15. cxb5
Nxb5 16. Ba4 Ba6 17. Rfe1 Qc7 18. Ne2 Rb6 19. Rec1 e5 20. Bh6 Bh8 21. Ng5 Bg7
22. Bxg7 Kxg7 23. Bb3 Nd8 24. Qxa5 h6 25. Nf3 Nc6 26. Qd2 Reb8 27. Ba2 Qa7 28.
Qc2 Bc8 29. h3 Bd7 30. Bc4 Nc7 31. Nc3 Na5 32. Nd5 Nxd5 33. Bxd5 Nb3 34. Bxb3
Rxb3 35. Nd2 R3b7 36. Nc4 Ba4 37. Qd2 Rb3 38. Nxd6 Qd7 39. Nc4 Rxd3 40. Qa5 f6
41. Nb6 Qc7 42. Qxa4 Qxb6 43. Qc4 Rbd8 44. f3 Rd2 45. Kh2 Rc8 46. b4 Rd4 47.
bxc5 Rxc4 48. cxb6 Rxc1 49. Rb5 Ra1 50. Rb3 Kf7 51. Kg3 Ke7 52. Kg4 Kd6 53. f4
exf4 54. Kxf4 Rb8 55. Rg3 Rf1+ 56. Ke3 g5 57. Ke2 Rb1 58. Rf3 Rb2+ 59. Kf1 Ke5
60. Re3 R2xb6 61. Ke2 Rb2+ 0-1

[Event "I Festival dell'Etna A"]
[Site "Nicolosi ITA"]
[Date "2014.12.05"]
[Round "1"]
[White "Battaglia, Giuseppe"]
[Black "Signorelli, Gaetano"]
[WhiteElo "1690"]
[BlackElo "2091"]
[Result "0-1"]
[PlyCount "52"]
[EventDate "2014.12.05"]

1. Nf3 f5 2. g3 Nf6 3. Bg2 g6 4. O-O Bg7 5. d3 O-O 6. c4 d6 7. Nc3 e5 8. Qb3 c6
9. c5+ Kh8 10. cxd6 Qxd6 11. Ng5 Qe7 12. Bd2 h6 13. Nf3 Nh5 14. Na4 Na6 15.
Rfc1 Be6 16. Qc2 Kh7 17. b3 Rad8 18. Nc5 Nxc5 19. Qxc5 Qxc5 20. Rxc5 e4 21. Ne5
Rfe8 22. Bc3 Bd5 23. g4 Nf4 24. dxe4 fxe4 25. Rxd5 cxd5 26. Nf7 Nxe2+ 0-1

[Event "I Festival dell'Etna A"]
[Site "Nicolosi ITA"]
[Date "2014.12.05"]
[Round "1"]
[White "Bifulco, Michel"]
[Black "Zuccarotto, Salvatore"]
[WhiteElo "2110"]
[BlackElo "1727"]
[Result "1-0"]
[PlyCount "79"]
[EventDate "2014.12.05"]

1. e4 e5 2. Nc3 Nf6 3. Bc4 c6 4. d4 d5 5. exd5 exd4 6. Qxd4 cxd5 7. Nxd5 Nxd5
8. Qxd5 Qe7+ 9. Be3 Be6 10. Qb5+ Nc6 11. Bxe6 fxe6 12. Nf3 Qb4+ 13. Qxb4 Nxb4
14. Kd2 Be7 15. c3 Nd5 16. Bd4 O-O 17. Rhe1 Nc7 18. Rad1 Bf6 19. Bxf6 Rxf6 20.
Ke2 Nd5 21. Kf1 Raf8 22. Rd2 Nf4 23. Nd4 Rg6 24. g3 Nh3 25. Rxe6 Rgf6 26. Rxf6
Rxf6 27. Kg2 Ng5 28. Nb3 Ne4 29. Rd8+ Kf7 30. f3 Nd6 31. Rd7+ Kg6 32. Nc5 b6
33. Nd3 a5 34. Nf4+ Kh6 35. Nd5 Re6 36. Nxb6 Nf5 37. Nc4 Re2+ 38. Kh3 a4 39.
Ra7 Ne3 40. Re7 1-0

[Event "I Festival dell'Etna A"]
[Site "Nicolosi ITA"]
[Date "2014.12.05"]
[Round "1"]
[White "Cannella, Carlo"]
[Black "Paladino, Antonio"]
[WhiteElo "1931"]
[BlackElo "1537"]
[Result "1-0"]
[PlyCount "53"]
[EventDate "2014.12.05"]

1. e4 e6 2. d4 d5 3. e5 c5 4. c3 Qb6 5. Nf3 Nc6 6. Bd3 cxd4 7. cxd4 Be7 8. O-O
Bd7 9. Be2 Rc8 10. Nc3 a6 11. Rb1 Qc7 12. Bf4 b5 13. Rc1 Qa5 14. a3 b4 15. axb4
Qxb4 16. Bxa6 Rb8 17. Rb1 Na5 18. Qe2 Qb3 19. Rfc1 Bb4 20. Nd2 Bxc3 21. Nxb3
Nxb3 22. Rxc3 Nxd4 23. Qe3 Rb4 24. Rbc1 Ne7 25. Rc7 Nef5 26. Qa3 Ne2+ 27. Bxe2
1-0

[Event "I Festival dell'Etna A"]
[Site "Nicolosi ITA"]
[Date "2014.12.05"]
[Round "1"]
[White "Favitta, Amedeo"]
[Black "Sardo, Gabriele"]
[WhiteElo "1789"]
[BlackElo "2211"]
[Result "0-1"]
[PlyCount "60"]
[EventDate "2014.12.05"]

1. d4 Nf6 2. c4 e6 3. Nc3 Bb4 4. Qc2 O-O 5. a3 Bxc3+ 6. Qxc3 d6 7. Bg5 h6 8.
Bh4 Nbd7 9. f3 Re8 10. e3 e5 11. dxe5 dxe5 12. O-O-O Qe7 13. Bf2 a5 14. Bd3 Nc5
15. Bc2 c6 16. Ne2 b5 17. cxb5 cxb5 18. e4 Nb7 19. a4 b4 20. Qd3 Nd7 21. Qd5
Ra6 22. Kb1 Ndc5 23. Bxc5 Nxc5 24. Ng3 b3 25. Bd3 Be6 26. Qxe5 Nxd3 27. Qb5 Nb4
28. Rd4 Raa8 29. Rhd1 Rec8 30. f4 Qc7 0-1

[Event "I Festival dell'Etna A"]
[Site "Nicolosi ITA"]
[Date "2014.12.05"]
[Round "1"]
[White "Furnari, Francesco"]
[Black "Efimov, Igor"]
[WhiteElo "1850"]
[BlackElo "2409"]
[Result "0-1"]
[PlyCount "90"]
[EventDate "2014.12.05"]

1. d4 d6 2. Nf3 f5 3. g3 Nf6 4. Bg2 g6 5. c4 Bg7 6. Nc3 O-O 7. O-O Qe8 8. Qb3
h6 9. d5 Na6 10. Qc2 c6 11. Be3 Nc7 12. Qd2 Kh7 13. Rad1 Bd7 14. Rfe1 c5 15.
Qd3 a6 16. Bc1 b5 17. b3 Rb8 18. Nd2 Ng4 19. h3 Ne5 20. Qc2 g5 21. Nf3 bxc4 22.
Nxe5 cxb3 23. axb3 Bxe5 24. g4 Qg6 25. gxf5 Bxf5 26. e4 Bd7 27. Rd3 Rf6 28. Bb2
Qg7 29. Nd1 Rf4 30. Bxe5 Qxe5 31. Qb2 Qxb2 32. Nxb2 Nb5 33. e5 Bf5 34. Rde3 Nd4
35. exd6 exd6 36. Re7+ Kg6 37. Nc4 Rxb3 38. Nxd6 Bxh3 39. Ne4 Nf3+ 40. Bxf3
Rbxf3 41. d6 Rd3 42. Nxc5 Rxd6 43. Ra7 Rdf6 44. Ree7 Rxf2 45. Ne4 Rg2+ 0-1

[Event "I Festival dell'Etna A"]
[Site "Nicolosi ITA"]
[Date "2014.12.05"]
[Round "1"]
[White "Gangemi, Salvatore"]
[Black "Monaco, Alessandro"]
[WhiteElo "2075"]
[BlackElo "1664"]
[Result "1-0"]
[PlyCount "99"]
[EventDate "2014.12.05"]

1. c4 c5 2. Nf3 Nf6 3. g3 g6 4. Bg2 Bg7 5. Nc3 Nc6 6. d4 cxd4 7. Nxd4 O-O 8.
Nxc6 dxc6 9. Qc2 Bd7 10. O-O Qc8 11. Rd1 Bh3 12. Bh1 Qc7 13. Be3 Ng4 14. Bd4
Bxd4 15. Rxd4 Nf6 16. Rad1 Rad8 17. Qd2 Rxd4 18. Qxd4 b6 19. c5 Bc8 20. e4 Nd7
21. b4 bxc5 22. bxc5 Qe5 23. Qxe5 Nxe5 24. f4 Nc4 25. e5 Bg4 26. Rd4 Na5 27.
Ra4 Nb7 28. Rxa7 Nxc5 29. Bxc6 Rc8 30. Ra8 Rxa8 31. Bxa8 Kf8 32. Bc6 f6 33.
exf6 exf6 34. Ne4 Nxe4 35. Bxe4 Bd7 36. Kf2 Ke7 37. Ke3 Kd6 38. Kd4 Bb5 39. Bd5
Bd7 40. Be4 Bb5 41. Bc2 Be8 42. a4 Kc6 43. Kc4 Kb6 44. Kb4 h6 45. a5+ Ka7 46.
Bd3 g5 47. Kc5 Bd7 48. Kd6 Bg4 49. Ke7 f5 50. Kf6 1-0

[Event "I Festival dell'Etna A"]
[Site "Nicolosi ITA"]
[Date "2014.12.05"]
[Round "1"]
[White "Gelardi, Davide"]
[Black "Bruno, Alessio"]
[WhiteElo "1863"]
[BlackElo "1338"]
[Result "1-0"]
[PlyCount "97"]
[EventDate "2014.12.05"]

1. b4 d5 2. Bb2 e6 3. Nf3 Nf6 4. a3 Bd6 5. e3 Bd7 6. c4 c5 7. bxc5 Bxc5 8. cxd5
exd5 9. d4 Bb6 10. Bd3 Nc6 11. O-O O-O 12. Nc3 Rc8 13. Rc1 h6 14. Ne5 Bc7 15.
f4 Be6 16. Na4 Ne7 17. Nc5 b6 18. Nxe6 fxe6 19. Qa4 a5 20. Nc6 Nxc6 21. Rxc6
Qd7 22. Bb5 Qe7 23. Qc2 Ne8 24. Rc1 Rf6 25. Kh1 h5 26. Rxb6 Bxb6 27. Qxc8 Rf8
28. Qc6 Bc7 29. Qd7 Kf7 30. Qxe7+ Kxe7 31. Bxe8 Rxe8 32. Rxc7+ Kf6 33. g3 Rb8
34. Bc3 Rb3 35. a4 Kf5 36. Kg2 Ra3 37. Kf3 Ra2 38. h3 Ra3 39. Bxa5 Rxa4 40. Bb6
Rb4 41. Bc5 Rb1 42. Rxg7 Rf1+ 43. Kg2 Re1 44. Rg5+ Ke4 45. Re5+ Kd3 46. Rxe6
Ke2 47. g4 Rf1 48. gxh5 Rf2+ 49. Kg3 1-0

[Event "I Festival dell'Etna A"]
[Site "Nicolosi ITA"]
[Date "2014.12.05"]
[Round "1"]
[White "Giuffrida, Francesco"]
[Black "Savalla, Pietro"]
[WhiteElo "1527"]
[BlackElo "1919"]
[Result "0-1"]
[PlyCount "40"]
[EventDate "2014.12.05"]

1. e4 e5 2. f4 Bc5 3. Nf3 d6 4. Bc4 Nf6 5. d3 O-O 6. h3 d5 7. fxe5 dxe4 8. exf6
exf3 9. Qxf3 Re8+ 10. Kd1 Nc6 11. Bxf7+ Kxf7 12. Qh5+ Kf8 13. Qxc5+ Kg8 14.
fxg7 Qf6 15. Nc3 Bf5 16. g4 Bxg4+ 17. hxg4 Qf3+ 18. Kd2 Qf4+ 19. Kd1 Qxg4+ 20.
Kd2 Qg2+ 0-1

[Event "I Festival dell'Etna A"]
[Site "Nicolosi ITA"]
[Date "2014.12.05"]
[Round "1"]
[White "Gueci, Laura"]
[Black "Biot, Thomas"]
[WhiteElo "2010"]
[BlackElo "1602"]
[Result "1-0"]
[PlyCount "37"]
[EventDate "2014.12.05"]

1. c4 Nf6 2. g3 g6 3. Bg2 Bg7 4. Nc3 c6 5. e4 d6 6. Nge2 Ng4 7. h3 Nh6 8. O-O
f5 9. d3 e5 10. b4 Be6 11. b5 c5 12. exf5 Bxf5 13. Bxb7 Bxh3 14. Bxa8 Bxf1 15.
Qxf1 O-O 16. Ne4 Nf7 17. Bd5 Kh8 18. Qh3 Qd7 19. Be6 1-0

[Event "I Festival dell'Etna A"]
[Site "Nicolosi ITA"]
[Date "2014.12.05"]
[Round "1"]
[White "Gueci, Tea"]
[Black "Russo, Carmelo"]
[WhiteElo "2018"]
[BlackElo "1647"]
[Result "1-0"]
[PlyCount "65"]
[EventDate "2014.12.05"]

1. e4 c5 2. Nf3 d6 3. d4 cxd4 4. Nxd4 Nf6 5. Nc3 g6 6. Bc4 a6 7. Bb3 b5 8. O-O
Bb7 9. Re1 Nbd7 10. Bg5 Bg7 11. Qd2 b4 12. Nd5 e5 13. Nf3 a5 14. Rad1 O-O 15.
Nxf6+ Bxf6 16. Bh6 Bg7 17. Bxg7 Kxg7 18. Qxd6 Nf6 19. Qxe5 Qe8 20. Qxe8 Rfxe8
21. e5 Ne4 22. Rd7 Nc5 23. Rxf7+ Kh6 24. Bc4 Ba6 25. Bxa6 Rxa6 26. g4 Ne6 27.
h4 Nf8 28. Ng5 Rc6 29. e6 Rcxe6 30. Rxe6 Rxe6 31. Nxe6 Nxe6 32. f3 Nd4 33. g5+
1-0

[Event "I Festival dell'Etna A"]
[Site "Nicolosi ITA"]
[Date "2014.12.05"]
[Round "1"]
[White "Iannello, Antonio"]
[Black "Dagnino, Marcello"]
[WhiteElo "1907"]
[BlackElo "1524"]
[Result "1-0"]
[PlyCount "109"]
[EventDate "2014.12.05"]

1. e4 c5 2. Nf3 g6 3. d4 Bg7 4. c4 cxd4 5. Nxd4 Nc6 6. Be3 d6 7. Nc3 Nf6 8. Be2
O-O 9. O-O Nxd4 10. Bxd4 b6 11. Qd2 Bb7 12. f3 Qc8 13. Rfc1 Ne8 14. Bf2 Nf6 15.
a4 Nd7 16. Ra3 Qe8 17. a5 Bc6 18. Nd5 Bxd5 19. cxd5 Rc8 20. axb6 Rxc1+ 21. Qxc1
axb6 22. Bb5 Qc8 23. Bc6 Qc7 24. Qa1 Nb8 25. Ra7 Qd8 26. Qa3 Bf6 27. Qb4 Nxc6
28. dxc6 Qb8 29. Rb7 Qa8 30. Qa3 Qc8 31. Qa4 Kg7 32. Bxb6 Qe6 33. c7 Rc8 34.
Rb8 d5 35. Qa8 Qxb6+ 36. Rxb6 Rxa8 37. Rb8 Ra1+ 38. Kf2 Rc1 39. c8=Q Rxc8 40.
Rxc8 Bxb2 41. exd5 Kf6 42. f4 Ba3 43. Rc6+ Bd6 44. Kf3 h5 45. Ke4 Kg7 46. g3
Kf6 47. h3 Kg7 48. g4 Kf6 49. g5+ Kg7 50. Rxd6 exd6 51. Kd4 f5 52. Kc4 Kf7 53.
Kb5 Ke7 54. Kc6 h4 55. Kc7 1-0

[Event "I Festival dell'Etna A"]
[Site "Nicolosi ITA"]
[Date "2014.12.05"]
[Round "1"]
[White "La Franca, Vincenzo"]
[Black "Guccione, Cristoforo"]
[WhiteElo "1591"]
[BlackElo "1983"]
[Result "0-1"]
[PlyCount "106"]
[EventDate "2014.12.05"]

1. d4 f5 2. Bg5 h6 3. Bh4 g5 4. e4 Nf6 5. e5 e6 6. Bg3 f4 7. Bd3 Rg8 8. exf6
Qxf6 9. Qh5+ Kd8 10. Nf3 fxg3 11. hxg3 Nc6 12. c3 d6 13. Nbd2 Bd7 14. O-O-O a5
15. Ne4 Qg7 16. g4 a4 17. a3 Na5 18. Bc2 Be8 19. Qh2 Bg6 20. Nfd2 Nb3+ 21. Nxb3
axb3 22. Bd3 d5 23. Nc5 Bxc5 24. dxc5 Rxa3 25. Qxh6 Ra1+ 26. Kd2 Rxd1+ 27. Kxd1
Qxh6 28. Rxh6 Bxd3 29. Rxe6 Kd7 30. Re3 Bc2+ 31. Kd2 Kc6 32. Re7 Ra8 33. g3 Ra2
34. Kc1 Ra1+ 35. Kd2 Rb1 36. c4 Rxb2 37. cxd5+ Kxc5 38. Kc3 Rb1 39. Rxc7+ Kxd5
40. Rxb7 Rf1 41. Rf7 Re1 42. Rb7 Kc5 43. Ra7 Re5 44. Rf7 Re2 45. Rf6 Re7 46.
Rf8 Rb7 47. Kb2 Kb4 48. f4 Bd3 49. f5 Re7 50. Rb8+ Bb5 51. f6 Re2+ 52. Kb1 Kc3
53. Rc8+ Bc4 0-1

[Event "I Festival dell'Etna A"]
[Site "Nicolosi ITA"]
[Date "2014.12.05"]
[Round "1"]
[White "Lalic, Bogdan"]
[Black "Lombardo, Corrado"]
[WhiteElo "2479"]
[BlackElo "1855"]
[Result "1-0"]
[PlyCount "113"]
[EventDate "2014.12.05"]

1. c4 e5 2. Nc3 Bb4 3. Nd5 Be7 4. d4 d6 5. Nf3 c6 6. Nc3 Qc7 7. e4 Nf6 8. Be2
Bg4 9. d5 cxd5 10. cxd5 O-O 11. Be3 Rc8 12. O-O Nbd7 13. Rc1 Qd8 14. Nd2 Bxe2
15. Qxe2 Nf8 16. Rc2 Qd7 17. f3 Ng6 18. g3 a6 19. Rfc1 Bd8 20. a4 Rab8 21. b4
b5 22. axb5 axb5 23. Nd1 Ne7 24. Kg2 h6 25. Rxc8 Rxc8 26. Rxc8 Nxc8 27. Nc3 Bb6
28. Bxb6 Nxb6 29. Nxb5 Kf8 30. Nb1 Ke7 31. N1c3 Qc8 32. Qe3 Nfd7 33. Na7 Qc4
34. Ncb5 Qa2+ 35. Qf2 Qxf2+ 36. Kxf2 Nb8 37. Nc6+ Nxc6 38. dxc6 d5 39. Nc7 Kd6
40. Nxd5 Kxc6 41. Ne7+ Kb5 42. Nf5 Kxb4 43. Nxg7 Nd7 44. g4 Nf6 45. Nf5 Ng8 46.
h4 f6 47. f4 exf4 48. Kf3 Kc5 49. Kxf4 Kc6 50. Ng7 Kd6 51. Kf5 Ke7 52. Kg6 Kf8
53. Nf5 Ne7+ 54. Nxe7 Kxe7 55. h5 Ke6 56. Kxh6 Kf7 57. Kh7 1-0

[Event "I Festival dell'Etna A"]
[Site "Nicolosi ITA"]
[Date "2014.12.05"]
[Round "1"]
[White "Licata, Silvio"]
[Black "Vesce, Emanuele"]
[WhiteElo "1489"]
[BlackElo "1895"]
[Result "0-1"]
[PlyCount "66"]
[EventDate "2014.12.05"]

1. c4 b6 2. Nf3 Bb7 3. Nc3 e6 4. e3 f5 5. d4 Bb4 6. Bd2 Nf6 7. a3 Bxc3 8. Bxc3
O-O 9. Be2 Ne4 10. Qc2 Rf6 11. Bd3 Rg6 12. Bf1 d6 13. O-O-O Nd7 14. h3 Qe7 15.
Ne1 Rc8 16. b4 Nxc3 17. Qxc3 c5 18. dxc5 bxc5 19. b5 Nb6 20. Nf3 a6 21. Qa5 Qc7
22. Rg1 Bxf3 23. Rd2 axb5 24. cxb5 Ra8 25. Qc3 d5 26. g3 Na4 27. Qc2 c4 28. Rd4
Be4 29. Bd3 Nc5 30. Bxe4 Nb3+ 31. Kb2 fxe4 32. Rdd1 Qc5 33. Ra1 Qxb5 0-1

[Event "I Festival dell'Etna A"]
[Site "Nicolosi ITA"]
[Date "2014.12.05"]
[Round "1"]
[White "Ljubisavljevic, Zivojin Z."]
[Black "Savalla, Gianluca"]
[WhiteElo "2161"]
[BlackElo "1753"]
[Result "1-0"]
[PlyCount "87"]
[EventDate "2014.12.05"]

1. b3 e5 2. Bb2 d6 3. e3 Nf6 4. c4 Be7 5. d4 exd4 6. Bxd4 O-O 7. Nf3 Nc6 8. Bb2
Bf5 9. Nc3 Re8 10. Be2 Bf8 11. O-O g6 12. Nd4 Ne7 13. Bf3 Rb8 14. Ncb5 Bd7 15.
Ne6 fxe6 16. Bxf6 Bg7 17. Bxg7 Kxg7 18. Qd4+ e5 19. Qxa7 Nc6 20. Qa3 Rf8 21.
Be4 Bf5 22. Bxf5 Rxf5 23. f4 Rh5 24. Qb2 g5 25. fxg5 Qxg5 26. Qf2 Rh6 27. Nxc7
Rg8 28. Nd5 Kh8 29. g3 Rhg6 30. Qg2 Qh4 31. gxh4 Rxg2+ 32. Kh1 Re2 33. Rg1
Rxg1+ 34. Rxg1 Rxa2 35. h5 Rb2 36. h6 Rf2 37. Rg7 Na5 38. Rd7 Kg8 39. Kg1 Rf3
40. Kg2 e4 41. Rg7+ Kh8 42. Re7 Rf8 43. Nf6 Rg8+ 44. Kh3 1-0

[Event "I Festival dell'Etna A"]
[Site "Nicolosi ITA"]
[Date "2014.12.05"]
[Round "1"]
[White "Mammoliti, Raffaele"]
[Black "Iannello, Andrea"]
[WhiteElo "1512"]
[BlackElo "1904"]
[Result "0-1"]
[PlyCount "48"]
[EventDate "2014.12.05"]

1. d4 Nf6 2. c4 e6 3. Nc3 Bb4 4. Bf4 O-O 5. e3 b6 6. Bd3 Bb7 7. Nf3 Ne4 8. O-O
f5 9. Qc2 Bxc3 10. bxc3 d6 11. h3 Qf6 12. Nd2 Nxd2 13. Qxd2 g5 14. Bh2 Rf7 15.
f3 Nd7 16. e4 f4 17. Rae1 e5 18. Bc2 Kh8 19. d5 Rg8 20. Kf2 Ba6 21. Bd3 Nc5 22.
Be2 g4 23. hxg4 Qh4+ 24. g3 Qxh2# 0-1

[Event "I Festival dell'Etna A"]
[Site "Nicolosi ITA"]
[Date "2014.12.05"]
[Round "1"]
[White "Nobile, Stefano"]
[Black "Manakova, Maria"]
[WhiteElo "1803"]
[BlackElo "2352"]
[Result "0-1"]
[PlyCount "68"]
[EventDate "2014.12.05"]

1. Nf3 Nf6 2. g3 d5 3. c4 g6 4. b3 Bg7 5. Bb2 dxc4 6. bxc4 c5 7. Bg2 Nc6 8. O-O
O-O 9. d3 Qc7 10. Nc3 Rd8 11. Qb3 e5 12. Rfc1 Rb8 13. Nd5 Qd6 14. e4 b6 15. Bc3
Bb7 16. Qb2 Nd7 17. a4 Nf8 18. Rcb1 Ne6 19. Qa3 Ba6 20. Bf1 Rf8 21. Kg2 f5 22.
Rb2 fxe4 23. dxe4 Ned4 24. Bxd4 exd4 25. Bd3 Bc8 26. h3 Bxh3+ 27. Kxh3 Rxf3 28.
a5 Ne5 29. Rd1 Rbf8 30. Kg2 bxa5 31. Rdd2 g5 32. Rb3 Ng4 33. Nf4 R3xf4 34. gxf4
Qxf4 0-1

[Event "I Festival dell'Etna A"]
[Site "Nicolosi ITA"]
[Date "2014.12.05"]
[Round "1"]
[White "Novak, Ksenija"]
[Black "Barbagallo, Andrea"]
[WhiteElo "2087"]
[BlackElo "1677"]
[Result "1-0"]
[PlyCount "81"]
[EventDate "2014.12.05"]

1. Nf3 Nf6 2. c4 c5 3. Nc3 g6 4. e4 d6 5. d4 cxd4 6. Nxd4 Bg7 7. Be2 O-O 8. O-O
Nc6 9. Be3 Nd7 10. Rc1 Nc5 11. Nxc6 bxc6 12. b4 Nd7 13. f4 a5 14. b5 cxb5 15.
cxb5 Kh8 16. Nd5 Bb7 17. Bd4 Rc8 18. Rxc8 Bxc8 19. Bxg7+ Kxg7 20. Qd4+ f6 21.
Bg4 e5 22. fxe5 fxe5 23. Qa7 Rxf1+ 24. Kxf1 Kf8 25. Qf2+ Kg7 26. Be6 Qf8 27. a4
Qxf2+ 28. Kxf2 Kf8 29. Bxd7 Bxd7 30. Nf6 Ke7 31. Nxd7 Kxd7 32. Ke3 h5 33. Kd3
Ke6 34. Kc4 Kd7 35. h4 Ke6 36. b6 Kd7 37. Kb5 d5 38. exd5 e4 39. Kc4 Kc8 40. d6
e3 41. Kd3 1-0

[Event "I Festival dell'Etna A"]
[Site "Nicolosi ITA"]
[Date "2014.12.05"]
[Round "1"]
[White "Oddo, Salvatore"]
[Black "Fabiano, Giuseppe"]
[WhiteElo "1604"]
[BlackElo "2015"]
[Result "0-1"]
[PlyCount "60"]
[EventDate "2014.12.05"]

1. Nf3 c5 2. g3 b6 3. Bg2 Bb7 4. O-O Nf6 5. d3 d5 6. Nbd2 Qc7 7. c3 e6 8. Re1
Nc6 9. e4 Be7 10. a4 h6 11. Qc2 g5 12. Nf1 O-O-O 13. e5 Nd7 14. d4 cxd4 15.
cxd4 g4 16. N3d2 Nxd4 17. Qxc7+ Kxc7 18. Rb1 Nc2 19. Re2 Ba6 20. Re3 Nxe3 21.
Nxe3 Nxe5 22. f4 d4 23. Nef1 Nd3 24. Be4 f5 25. Bxd3 Bxd3 26. Ra1 h5 27. b3 h4
28. Bb2 hxg3 29. Rc1+ Kb7 30. hxg3 Rh3 0-1

[Event "I Festival dell'Etna A"]
[Site "Nicolosi ITA"]
[Date "2014.12.05"]
[Round "1"]
[White "Pace, Colin"]
[Black "Musso, Andrea"]
[WhiteElo "2095"]
[BlackElo "1697"]
[Result "1-0"]
[PlyCount "103"]
[EventDate "2014.12.05"]

1. e4 e5 2. Nf3 Nc6 3. Bc4 d6 4. d4 Bg4 5. h3 Bxf3 6. Qxf3 Nf6 7. d5 Ne7 8. Bg5
Nd7 9. Nc3 a6 10. Ne2 b5 11. Bd3 f6 12. Be3 Nc5 13. Ng3 Nxd3+ 14. cxd3 c5 15.
dxc6 Rc8 16. O-O Nxc6 17. Rfc1 g6 18. a4 b4 19. Rc4 Bg7 20. Rac1 Qd7 21. Qd1
O-O 22. Qc2 Ne7 23. Rc7 Qe6 24. Qc4 Qxc4 25. R1xc4 Rxc7 26. Rxc7 Kf7 27. Bd2 a5
28. Ra7 Rc8 29. Rxa5 Rc2 30. Bxb4 Nc6 31. Rb5 Rxb2 32. Bxd6 Rxb5 33. axb5 Ke6
34. Bc5 Nd4 35. b6 Kd7 36. Bxd4 exd4 37. Ne2 f5 38. exf5 gxf5 39. g3 Kc6 40.
Kg2 Kxb6 41. Kf3 Be5 42. g4 fxg4+ 43. hxg4 Kc5 44. Ke4 Bg7 45. f4 h6 46. Ng3
Bf6 47. Nf5 h5 48. gxh5 Bh8 49. Ne7 Kd6 50. Ng6 Bg7 51. Ne5 Ke6 52. Nf3 1-0

[Event "I Festival dell'Etna A"]
[Site "Nicolosi ITA"]
[Date "2014.12.05"]
[Round "1"]
[White "Russo, Alfio"]
[Black "Cervellione, Piernicola"]
[WhiteElo "1867"]
[BlackElo "1431"]
[Result "1-0"]
[PlyCount "75"]
[EventDate "2014.12.05"]

1. d4 Nf6 2. Nf3 e6 3. Bg5 d5 4. e3 Nbd7 5. Be2 Be7 6. O-O O-O 7. c4 c6 8. Nc3
h6 9. Bh4 Nh7 10. Bxe7 Qxe7 11. a3 Re8 12. cxd5 exd5 13. b4 a6 14. Bd3 Ng5 15.
Nxg5 Qxg5 16. e4 dxe4 17. Nxe4 Qd5 18. Nc3 Qg5 19. Re1 Rxe1+ 20. Qxe1 Nf6 21.
Ne4 Nxe4 22. Qxe4 g6 23. Qe8+ Kg7 24. Bc4 Qf4 25. Re1 Rb8 26. Re7 Qc1+ 27. Bf1
Qf4 28. g3 Qf6 29. Rc7 Qe6 30. Qd8 h5 31. Re7 Qd5 32. Qc7 Ra8 33. Re8 Qf5 34.
Qd8 Qd7 35. Rg8+ Kh7 36. Rh8+ Kg7 37. Qxd7 Bxd7 38. Rxa8 1-0

[Event "I Festival dell'Etna A"]
[Site "Nicolosi ITA"]
[Date "2014.12.05"]
[Round "1"]
[White "Santagati, Alessandro"]
[Black "Gigante, Giovanni"]
[WhiteElo "2212"]
[BlackElo "1801"]
[Result "1-0"]
[PlyCount "63"]
[EventDate "2014.12.05"]

1. e4 c5 2. Nf3 d6 3. d4 cxd4 4. Nxd4 Nf6 5. Nc3 a6 6. Be3 b5 7. f3 Bb7 8. Qd2
Nbd7 9. g4 Ne5 10. Be2 Rc8 11. g5 Nfd7 12. a4 b4 13. Nd5 Bxd5 14. exd5 Qa5 15.
Nb3 Qc7 16. Qxb4 Rb8 17. Qe4 a5 18. Bb5 Rc8 19. Bd4 Qxc2 20. Qxc2 Rxc2 21. Bxe5
dxe5 22. Nxa5 e6 23. Kd1 Rc8 24. dxe6 fxe6 25. Nc4 Rc5 26. Ke2 Kf7 27. Rhd1 Nb8
28. b4 Rxc4 29. Bxc4 Bxb4 30. Rab1 Bc5 31. Rb7+ Be7 32. Rd6 1-0

[Event "I Festival dell'Etna A"]
[Site "Nicolosi ITA"]
[Date "2014.12.05"]
[Round "1"]
[White "Savina, Anastasia"]
[Black "Rosolia, Giuseppe"]
[WhiteElo "2397"]
[BlackElo "1806"]
[Result "1-0"]
[PlyCount "35"]
[EventDate "2014.12.05"]

1. d4 d6 2. Nf3 Nf6 3. c4 Nbd7 4. Nc3 e5 5. e4 Be7 6. Be2 O-O 7. O-O h6 8. Be3
c6 9. d5 c5 10. Ne1 Nh7 11. g3 Ndf6 12. Nd3 Bh3 13. Re1 Qd7 14. f3 Ne8 15. Nf2
Bg5 16. Bxg5 Nxg5 17. f4 Nh7 18. Nxh3 1-0

[Event "I Festival dell'Etna A"]
[Site "Nicolosi ITA"]
[Date "2014.12.05"]
[Round "1"]
[White "Seminara, Antonio"]
[Black "Norrito, Salvatore"]
[WhiteElo "1963"]
[BlackElo "1564"]
[Result "1-0"]
[PlyCount "69"]
[EventDate "2014.12.05"]

1. d4 d5 2. Bg5 Nd7 3. e3 c5 4. dxc5 Qa5+ 5. Nc3 Qxc5 6. Qxd5 e6 7. Qxc5 Bxc5
8. Nb5 Kf8 9. Nf3 f6 10. Bh4 Ne7 11. Nc7 Rb8 12. Nxe6+ Kf7 13. Bc4 Nb6 14.
Nxc5+ Nxc4 15. O-O-O Bg4 16. b3 Nb6 17. Bg3 Bxf3 18. gxf3 Rbc8 19. Nxb7 Rc6 20.
Nd8+ Rxd8 21. Rxd8 Ned5 22. c4 Ke7 23. Rh8 Nb4 24. Rxh7 Kf7 25. a3 Nd3+ 26. Kc2
Nc5 27. Rd1 Rc8 28. Rh5 Kg6 29. Rh4 Ne6 30. Re4 Ng5 31. Re7 Ra8 32. c5 Nc8 33.
Re8 Nf7 34. c6 a5 35. c7 1-0

[Event "I Festival dell'Etna A"]
[Site "Nicolosi ITA"]
[Date "2014.12.05"]
[Round "1"]
[White "Spina, Simonpietro"]
[Black "Tiviakov, Sergei"]
[WhiteElo "1858"]
[BlackElo "2677"]
[Result "0-1"]
[PlyCount "46"]
[EventDate "2014.12.05"]

1. d4 Nf6 2. Bf4 e6 3. Nf3 c5 4. e3 Qb6 5. Qc1 Nc6 6. c3 d5 7. Bd3 Bd7 8. Nbd2
Nh5 9. Bg3 Nxg3 10. hxg3 g6 11. Ng5 Be7 12. Rxh7 Rxh7 13. Nxh7 O-O-O 14. dxc5
Qxc5 15. Nb3 Qb6 16. Kd2 Rh8 17. Qh1 Ne5 18. Qh6 Bf8 19. Qxf8+ Rxf8 20. Nxf8
Ba4 21. Bc2 Nc4+ 22. Kc1 Qd8 23. Nh7 Qh8 0-1

[Event "I Festival dell'Etna A"]
[Site "Nicolosi ITA"]
[Date "2014.12.05"]
[Round "1"]
[White "Tirenna, Francesco"]
[Black "Terwagne, Bertrand"]
[WhiteElo "1422"]
[BlackElo "1865"]
[Result "0-1"]
[PlyCount "68"]
[EventDate "2014.12.05"]

1. d4 Nf6 2. Bf4 d5 3. e3 e6 4. Bd3 c5 5. c3 Nc6 6. Nd2 Be7 7. Ngf3 Nh5 8. Bg3
Nxg3 9. hxg3 h6 10. O-O Qc7 11. Re1 Bd7 12. e4 O-O-O 13. exd5 exd5 14. Bb5 f6
15. Qc2 a6 16. Bd3 Bd6 17. dxc5 Bxc5 18. Nb3 Bb6 19. Rac1 Kb8 20. Bg6 Qxg3 21.
Bf5 Bxf5 22. Qxf5 Bxf2+ 23. Kf1 Bxe1 24. Rxe1 Rhe8 25. Re6 Rxe6 26. Qxe6 Qd6
27. Qf7 Qe7 28. Qg6 Re8 29. Nc5 Qe2+ 30. Kg1 Re7 31. Qg3+ Ka8 32. Qd6 g5 33.
Nd4 Qe1+ 34. Kh2 Qh4+ 0-1

[Event "I Festival dell'Etna A"]
[Site "Nicolosi ITA"]
[Date "2014.12.05"]
[Round "1"]
[White "Todaro, Adriano"]
[Black "Marzaduri, Riccardo"]
[WhiteElo "1748"]
[BlackElo "2132"]
[Result "0-1"]
[PlyCount "42"]
[EventDate "2014.12.05"]

1. c4 c5 2. Nf3 Nc6 3. g3 e5 4. Nc3 d6 5. Bg2 g6 6. O-O Bg7 7. d3 Nge7 8. a3
O-O 9. Rb1 a5 10. Nd5 Nxd5 11. cxd5 Ne7 12. Qb3 a4 13. Qa2 b5 14. b4 axb3 15.
Qxb3 Bd7 16. Bg5 h6 17. Bd2 Qc7 18. Rfc1 Qa7 19. Ra1 Qa4 20. Qxa4 Rxa4 21. e4
Rfa8 0-1

[Event "I Festival dell'Etna A"]
[Site "Nicolosi ITA"]
[Date "2014.12.05"]
[Round "1"]
[White "Tondo, Salvatore"]
[Black "Auci, Matteo"]
[WhiteElo "1895"]
[BlackElo "1500"]
[Result "1-0"]
[PlyCount "69"]
[EventDate "2014.12.05"]

1. e4 g6 2. d4 Bg7 3. Nc3 d6 4. g3 Nd7 5. Bg2 e5 6. Nge2 Ngf6 7. h3 O-O 8. O-O
c6 9. a4 a5 10. Be3 Nb6 11. b3 Qc7 12. Qd2 Rd8 13. d5 cxd5 14. exd5 Bf5 15. Nb5
Qd7 16. Bxb6 Rdc8 17. c4 Bxh3 18. f3 e4 19. Nf4 e3 20. Bxe3 Bxg2 21. Kxg2 Nh5
22. Rae1 Nf6 23. Bd4 Qd8 24. Qe2 Kf8 25. Nd3 Nh5 26. Bxg7+ Nxg7 27. g4 f5 28.
Qe3 Qf6 29. Qf4 Ra6 30. g5 Qd8 31. Qe3 Nh5 32. f4 h6 33. Nd4 Kg8 34. Qe6+ Kh8
35. Qxg6 1-0